5-Star TV Shows Quiz Stats

 Plays Quiz Updated Oct 17, 2018

Challenge
Share
Tweet
Embed
Score 0/50 Timer 06:00
0 Plays Today
% Correct
Sheldon Cooper
83.7%
Eric Cartman
78.5%
Penny
78%
Raj Koothrappoli
77.3%
Leonard Hofstadter
76.5%
Don Draper
75.8%
Stan Marsh
74.6%
Kenny McCormick
72.6%
Kyle Broflovski
72.5%
Michael Scott
72.3%
Gunther
72.1%
Dwight Schrute
71.6%
Christopher Moltisanti
71.3%
Sam Malone
70.7%
Howard Wolowitz
70.2%
Diane Chambers
69.6%
Woody Boyd
69.1%
Adriana La Cerva
68.9%
Pam Halpert
68%
Barney Gumble
67.9%
Norm Peterson
67.1%
Dr. Jennifer Melfi
66.4%
Paulie Gualtieri
65.2%
Silvio Dante
64.5%
Janice Goralnik
63.5%
% Correct
Seymour Skinner
63%
Ugly Naked Guy
63%
Patty Bouvier
62.5%
Rebecca Howe
59.8%
Nelson Muntz
58.9%
Mike Hannigan
55.3%
Peggy Olson
52.7%
Mr. Heckles
52%
Carl Carlson
50.8%
Stanley Hudson
49.6%
C.J Cregg
48.2%
Jed Bartlet
46.1%
Roger Sterling
45%
Jimmy McNulty
42.4%
Sam Seaborn
41.6%
Omar Little
41.6%
Josh Lyman
41.4%
Pete Campbell
41%
Joan Harris
40.9%
Donna Moss
39.1%
Karen Filippelli
38.3%
Stringer Bell
36.4%
Lester Freamon
33.5%
Kima Greggs
31.2%
Bradley Biggle
18.5%

You're not logged in!

Compare scores with friends on all Sporcle quizzes.
OR
Log In

You Might Also Like...

Show Comments

Extras

Top Quizzes Today


Score Distribution

Your Account Isn't Verified!

In order to create a playlist on Sporcle, you need to verify the email address you used during registration. Go to your Sporcle Settings to finish the process.

Report this User

Report this user for behavior that violates our Community Guidelines.

Details: